00708nam a2200241 a 4500001001300000003000900013005001700022008004100039020000800080082001300088100002000101245007600121260003100197300000900228500003500237505001000272650002500282700002000307902000800327942000700335952010900342999001500451nice12345678IN_TiNIC20260116011456.0050524s1776 lona grp 000 0 eng  ac000a935bSPE aSpelman, Edward aExpedition of Cyrus into Persia and the Retreat of the Ten Thousand Gre aLondonbThomas Evansc1776 a259p aincludes index and biblioraphy2 aindex aIran-Ancient-History1 aSpelman, Edward bSRS cBK 001040708StackRoom-aHMIbHMId2005-05-24g0.00l0o935 SPEp00872r2005-05-24v0.00w2005-05-24yBK c1862d1862